|
|
|
|
| LEADER |
00000nam0a2200000 4500 |
| 001 |
307311 |
| 005 |
20231102002000.0 |
| 010 |
|
|
|a 9785000911051
|
| 010 |
|
|
|a 978-5-16-011161-2
|
| 035 |
|
|
|a (RuTPU)RU\TPU\book\332604
|
| 090 |
|
|
|a 307311
|
| 100 |
|
|
|a 20151019d2016 m y0rusy50 ca
|
| 101 |
0 |
|
|a rus
|
| 102 |
|
|
|a RU
|
| 105 |
|
|
|a a j 001zy
|
| 200 |
1 |
|
|a Технологии машиностроения. Выпускная квалификационная работа для бакалавров
|e учебное пособие
|f Н. М. Султан-заде [и др.]
|
| 210 |
|
|
|a Москва
|c Форум
|c Инфра-М
|d 2016
|
| 215 |
|
|
|a 288 с.
|c ил.
|
| 225 |
1 |
|
|a Высшее образование. Бакалавриат
|
| 320 |
|
|
|a Библиогр.: с. 195-198.
|
| 330 |
|
|
|a В учебном пособии показаны тематика и состав выпускной квалификационной работы, содержание пояснительной записки и графической части. Указания по проектированию технологического процесса механической обработки деталей сопровождаются примерами отработки конструкции деталей на технологичность, выбора технологических баз, типа производства, вида заготовки, построения оптимального маршрута механической обработки и технологических операций, проектирования технологической оснастки. Учтены требования государственных стандартов. Приведен список литературы, рекомендуемой для выполнения проекта.Пособие предназначено для студентов высших учебных заведений всех форм обучения, обучающихся по направлению подготовки 151900 «Конструкторско-техноло-гическое обеспечение машиностроительных производств».
|
| 606 |
1 |
|
|a Технология машиностроения
|2 stltpush
|3 (RuTPU)RU\TPU\subj\60151
|9 77640
|
| 610 |
1 |
|
|a ВКР
|
| 610 |
1 |
|
|a выпускные квалификационные работы
|
| 610 |
1 |
|
|a темы
|
| 610 |
1 |
|
|a цели
|
| 610 |
1 |
|
|a задачи
|
| 610 |
1 |
|
|a выполнение
|
| 610 |
1 |
|
|a защита
|
| 610 |
1 |
|
|a методические указания
|
| 610 |
1 |
|
|a исходные данные
|
| 610 |
1 |
|
|a машиностроительные производства
|
| 610 |
1 |
|
|a параметры
|
| 610 |
1 |
|
|a технологические расчеты
|
| 610 |
1 |
|
|a технологическая документация
|
| 610 |
1 |
|
|a оформление
|
| 610 |
1 |
|
|a учебные пособия
|
| 675 |
|
|
|a 621.002(075.8)
|v 4
|
| 701 |
|
1 |
|a Султан-заде
|b Н. М.
|g Назим Музафарович
|
| 701 |
|
1 |
|a Клепиков
|b В. В.
|g Виктор Валентинович
|
| 701 |
|
1 |
|a Солдатов
|b В. Ф.
|g Валерий Федорович
|
| 701 |
|
1 |
|a Преображенская
|b Е. В.
|g Елена Викторовна
|
| 701 |
|
1 |
|a Панчишин
|b В. И.
|g Владимир Иванович
|
| 701 |
|
1 |
|a Схиртладзе
|b А. Г.
|g Александр Георгиевич
|
| 801 |
|
1 |
|a RU
|b 63413507
|c 20151019
|
| 801 |
|
2 |
|a RU
|b 63413507
|c 20160602
|g RCR
|
| 900 |
|
|
|a Технология машиностроения
|
| 900 |
|
|
|a Технология машиностроительного производства
|
| 942 |
|
|
|c BK
|
| 951 |
|
|
|l 8
|
| 959 |
|
|
|a 109/20150904
|d 2
|e 549,90
|f ЧЗТЛ:2
|
| 959 |
|
|
|a 142/20151117
|d 3
|e 549,90
|f ЧЗТЛ:1
|f УФ:2
|